00909cam a22002654a 45000010009000000050017000090080041000260100014000670200015000810350021000960400018001170420008001350500027001430820021001701000016001912450084002072600046002913000034003375040054003716500036004257000019004619420012004809990017004929520134005091176723520000516134818.0990719s2000 maua b 001 0 eng  a99039175  a0201379503 a(DLC) 99039175 aDLCcDLCdDLC apcc00aQA76.73.C153bB85 200000a005.133221bBUL1 aBulka, Dov.10aEfficient C++ :bPerformance Programming Techniques /cDov Bulka, David Mayhew. aReading, Mass. :bAddison Wesley,cc2000. axvi, 309 p. :bill. ;c23 cm. aIncludes bibliographical references (p. 293-295). 0aC++ (Computer program language)1 aMayhew, David. 2ddccBB c10763d10763 00102ddc40708AlahramaMAINbMAINcLOWd2009-02-09epurchaseg170.70h6397l0o005.133 BULp000014573r2025-07-15 00:00:00yBB